| 000 | 02310nam0a2200421 i 4500 | ||
|---|---|---|---|
| 001 | RU\NLR\BIBL_A\010435613 | ||
| 005 | 20241115071939.0 | ||
| 010 |
_a9785904423766 _9500 |
||
| 021 |
_aRU _b2014-40255 _92449 |
||
| 035 | _a(NILC)RuMoRGB-007503860 | ||
| 035 | _a(NLR Aleph) 010435613 | ||
| 090 |
_a9869631 _c9869631 |
||
| 100 | _a20140730d2014 k y0rusy50 ca | ||
| 101 | 0 | _arus | |
| 102 | _aRU | ||
| 105 | _ay|||z||||00yy | ||
| 200 | 1 |
_aСоциализация личности в российском обществе _eколлективная монография _f[О. А. Анкудинова, С. Г. Анкудинов, Л. М. Захарчук и др. _gотв. ред. Л. П. Ильченко] _gМ-во образования и науки Российской Федерации, Федеральное гос. бюджетное образовательное учреждение высш. проф. образования "Российский гос. социальный ун-т", Фил. в г. Анапе |
|
| 210 |
_aКраснодар _cПарабеллум _d2014 |
||
| 215 |
_a169 с. _d21 |
||
| 300 | _aАвт. указаны на обл. | ||
| 320 | _aБиблиогр. в конце ст. | ||
| 606 |
_aЛичность _xСоциализация _91533289 _3RU\NLR\AUTH\66667892 |
||
| 606 | 1 |
_aОбщество _xСоциологические исследования _yРоссийская Федерация _92172609 _3RU\NLR\AUTH\661306829 |
|
| 606 | 1 |
_aВысшее образование _xГуманизация _yРоссийская Федерация _92477817 _3RU\NLR\AUTH\661471133 |
|
| 610 | 0 | _aсоциализация личности | |
| 686 | 1 | _aС550.354 | |
| 686 | 1 | _aС508.0 | |
| 686 | 1 | _aЧ481.21 | |
| 701 | 1 |
_aАнкудинова _bО. А. _gОксана Александровна |
|
| 701 | 1 |
_aАнкудинов _bС. Г. _gСергей Геннадьевич |
|
| 701 | 1 |
_aЗахарчук _bЛ. М. _gЛюдмила Михайловна |
|
| 702 | 1 |
_4340 _7ca _8rus _aИльченко _bЛ. П. _gЛариса Петровна _9173607 _3RU\NLR\AUTH\770173658 |
|
| 801 | 0 |
_aRU _bРГБ _c20140606 _gRCR |
|
| 801 | 1 |
_aRU _bРГБ _c20140606 _2rusmarc |
|
| 942 | _cBOOK | ||
| 980 | _aNBR | ||